000 00796cam a2200217 4500
001 ##L131802
008 051209n2005 000 0 eng u
020 _a0421906308
035 _a(Sirsi) u132574
041 0 _aeng
050 0 4 _a346.41032 $2 18
245 0 0 _aCharlesworth and Percy on negligence
_bfourth cumulative supplement to the tenth edition
260 _aLondon
_bSweet and Maxwell
_c2005
300 _alv, 185p.
_c23cm.
490 _aSweet and Maxwell Common Law Library
_v6
520 _aOrdered according to the structure of the main edition (J111542), this supplement brings the work up to date at 1 July 2005.
690 _aMANAGEMENT-BUSINESS MANAGEMENT-PROFESSIONAL PRACTICE-NEGLIGENCE
700 1 _aWalton, Christopher Thomas
700 1 _aPercy, Rodney
942 _n0
999 _c105190
_d105190